Statistics for Countries and Territories without Airports

Click here to take the quiz!

General Stats

  • This quiz has been taken 66 times
  • The average score is 6 of 10

Answer Stats

HintAnswer% Correct
countryAndorra
96%
countryMonaco
93%
countryVatican
93%
countrySan Marino
91%
countryLiechtenstein
80%
de-facto countryPalestine
44%
de-facto countrySouth Ossetia
42%
de-facto countryWestern Sahara
33%
TerritoryPitcairn Islands
24%
TerritoryTokelau
16%

Score Distribution

Percentile by Number Answered

Percent of People with Each Score

Your Score History

You have not taken this quiz